[Event "DEM U14w 2024"]
[Site "Willingen GER"]
[Date "2024.05.22"]
[Round "6"]
[White "Rafikova, Ailin"]
[Black "Mehner, Clara"]
[Result "1-0"]
[Termination "normal"]
[Board "12"]
[WhiteElo "1627"]
[BlackElo "1647"]
[WhiteClock "00:05:02"]
[BlackClock "00:01:29"]
[PlyCount "75"]
[WhiteFideId "34612173"]
[BlackFideId "34612165"]
[EventCountry "GER"]
[EventRounds "9"]
[EventType "swiss"]
[EventDate "2024.05.18"]

1. e4 {[%clk 01:30:58]} {[%emt 00:00:02]} e6 {[%clk 01:30:54]} {[%emt
00:00:07]} 2. d4 {[%clk 01:31:19]} {[%emt 00:00:09]} d5 {[%clk 01:31:19]}
{[%emt 00:00:04]} 3. Nd2 {[%clk 01:31:32]} {[%emt 00:00:18]} c5 {[%clk
01:31:38]} {[%emt 00:00:11]} 4. Ngf3 {[%clk 01:31:27]} {[%emt 00:00:35]} Nf6
{[%clk 01:28:02]} {[%emt 00:04:06]} 5. e5 {[%clk 01:31:12]} {[%emt 00:00:44]}
Nfd7 {[%clk 01:28:15]} {[%emt 00:00:17]} 6. c3 {[%clk 01:30:27]} {[%emt
00:01:15]} Nc6 {[%clk 01:27:35]} {[%emt 00:01:10]} 7. a3 {[%clk 01:26:35]}
{[%emt 00:04:22]} Qb6 {[%clk 01:24:34]} {[%emt 00:03:31]} 8. Nb1 {[%clk
01:21:19]} {[%emt 00:05:46]} c4 {[%clk 01:13:03]} {[%emt 00:12:01]} 9. Be2
{[%clk 01:19:10]} {[%emt 00:02:40]} Be7 {[%clk 01:08:00]} {[%emt 00:05:33]} 10.
O-O {[%clk 01:18:13]} {[%emt 00:01:26]} O-O {[%clk 01:04:50]} {[%emt 00:03:40]}
11. Qc2 {[%clk 01:12:21]} {[%emt 00:06:22]} Re8 {[%clk 00:59:17]} {[%emt
00:06:04]} 12. Ng5 {[%clk 01:10:22]} {[%emt 00:02:28]} Bxg5 {[%clk 00:44:07]}
{[%emt 00:15:40]} 13. Bxg5 {[%clk 01:10:48]} {[%emt 00:00:04]} Na5 {[%clk
00:42:31]} {[%emt 00:02:06]} 14. Nd2 {[%clk 01:08:15]} {[%emt 00:03:03]} Nf8
{[%clk 00:41:04]} {[%emt 00:01:57]} 15. f4 {[%clk 01:04:33]} {[%emt 00:04:12]}
Bd7 {[%clk 00:39:12]} {[%emt 00:02:22]} 16. Rf3 {[%clk 00:53:21]} {[%emt
00:11:42]} Rac8 {[%clk 00:30:56]} {[%emt 00:08:45]} 17. g4 {[%clk 00:46:16]}
{[%emt 00:07:36]} Rc7 {[%clk 00:24:11]} {[%emt 00:07:15]} 18. Re1 {[%clk
00:41:39]} {[%emt 00:05:06]} Nb3 {[%clk 00:18:54]} {[%emt 00:05:48]} 19. Nxb3
{[%clk 00:40:47]} {[%emt 00:01:23]} Ba4 {[%clk 00:18:59]} {[%emt 00:00:24]} 20.
Bd1 {[%clk 00:34:01]} {[%emt 00:07:26]} Bxb3 {[%clk 00:18:13]} {[%emt
00:04:40]} 21. Qf2 {[%clk 00:32:45]} {[%emt 00:00:07]} Kh8 {[%clk 00:15:27]}
{[%emt 00:01:21]} 22. f5 {[%clk 00:24:52]} {[%emt 00:08:23]} exf5 {[%clk
00:12:09]} {[%emt 00:03:48]} 23. gxf5 {[%clk 00:22:19]} {[%emt 00:03:03]} h6
{[%clk 00:08:53]} {[%emt 00:03:46]} 24. Bh4 {[%clk 00:19:47]} {[%emt 00:03:02]}
Bxd1 {[%clk 00:08:32]} {[%emt 00:00:51]} 25. Rxd1 {[%clk 00:20:08]} {[%emt
00:00:09]} Nh7 {[%clk 00:08:27]} {[%emt 00:00:34]} 26. Rg3 {[%clk 00:19:28]}
{[%emt 00:01:10]} Rg8 {[%clk 00:06:14]} {[%emt 00:02:44]} 27. Qg2 {[%clk
00:17:52]} {[%emt 00:02:06]} Rcc8 {[%clk 00:05:48]} {[%emt 00:00:56]} 28. Kh1
{[%clk 00:15:39]} {[%emt 00:02:43]} g6 {[%clk 00:03:50]} {[%emt 00:02:28]} 29.
fxg6 {[%clk 00:12:47]} {[%emt 00:03:22]} fxg6 {[%clk 00:04:00]} {[%emt
00:00:20]} 30. Be7 {[%clk 00:11:40]} {[%emt 00:01:36]} Rce8 {[%clk 00:03:26]}
{[%emt 00:03:40]} 31. Bd6 {[%clk 00:11:37]} {[%emt 00:00:02]} Ng5 {[%clk
00:02:09]} {[%emt 00:00:17]} 32. Rf1 {[%clk 00:07:19]} {[%emt 00:04:14]} Kh7
{[%clk 00:00:56]} {[%emt 00:01:43]} 33. h4 {[%clk 00:06:10]} {[%emt 00:03:38]}
Ne4 {[%clk 00:01:17]} 34. Rf7+ {[%clk 00:05:55]} {[%emt 00:00:04]} Rg7 {[%clk
00:00:52]} {[%emt 00:00:08]} 35. Rxg7+ {[%clk 00:06:06]} {[%emt 00:00:01]} Kxg7
{[%clk 00:01:17]} {[%emt 00:00:02]} 36. Rxg6+ {[%clk 00:06:23]} {[%emt
00:00:12]} Kh7 {[%clk 00:01:05]} {[%emt 00:00:42]} 37. Rg7+ {[%clk 00:05:44]}
{[%emt 00:01:09]} Kh8 {[%clk 00:01:29]} {[%emt 00:00:07]} 38. Qg6 {[%clk
00:05:02]} {[%emt 00:01:12]} 1-0

[Event "DEM U14w 2024"]
[Site "Willingen GER"]
[Date "2024.05.22"]
[Round "6"]
[White "Abram, Kristina-Maria"]
[Black "Neumann, Anna-Lena"]
[Result "1-0"]
[Termination "normal"]
[Board "14"]
[WhiteElo "1482"]
[BlackElo "861"]
[WhiteClock "01:31:02"]
[BlackClock "00:36:42"]
[PlyCount "91"]
[WhiteFideId "16298349"]
[BlackFideId "34660321"]
[EventCountry "GER"]
[EventRounds "9"]
[EventType "swiss"]
[EventDate "2024.05.18"]

1. e4 {[%clk 01:30:58]} e5 {[%clk 01:30:55]} {[%emt 00:00:06]} 2. Nf3 {[%clk
01:31:22]} {[%emt 00:00:06]} Nc6 {[%clk 01:31:18]} {[%emt 00:00:07]} 3. Nc3
{[%clk 01:31:42]} {[%emt 00:00:10]} Nf6 {[%clk 01:31:16]} {[%emt 00:00:31]} 4.
Bc4 {[%clk 01:31:55]} {[%emt 00:00:17]} Bc5 {[%clk 01:31:11]} {[%emt 00:00:35]}
5. O-O {[%clk 01:32:06]} {[%emt 00:00:19]} d6 {[%clk 01:31:16]} {[%emt
00:00:26]} 6. h3 {[%clk 01:32:28]} {[%emt 00:00:08]} O-O {[%clk 01:31:17]}
{[%emt 00:00:28]} 7. d3 {[%clk 01:32:53]} {[%emt 00:00:06]} h6 {[%clk
01:30:38]} {[%emt 00:01:08]} 8. Ne2 {[%clk 01:32:56]} {[%emt 00:00:27]} d5
{[%clk 01:29:23]} {[%emt 00:01:46]} 9. exd5 {[%clk 01:32:27]} {[%emt 00:00:59]}
Nxd5 {[%clk 01:29:41]} {[%emt 00:00:11]} 10. Bb5 {[%clk 01:32:30]} {[%emt
00:00:28]} Qf6 {[%clk 01:27:15]} {[%emt 00:02:54]} 11. Ng3 {[%clk 01:31:42]}
{[%emt 00:01:19]} Qg6 {[%clk 01:25:18]} {[%emt 00:02:26]} 12. Bxc6 {[%clk
01:31:51]} {[%emt 00:00:23]} bxc6 {[%clk 01:25:31]} {[%emt 00:00:17]} 13. Nxe5
{[%clk 01:32:09]} {[%emt 00:00:12]} Qf6 {[%clk 01:22:39]} {[%emt 00:03:16]} 14.
d4 {[%clk 01:31:50]} {[%emt 00:00:55]} Bd6 {[%clk 01:22:33]} {[%emt 00:00:36]}
15. Nh5 {[%clk 01:31:28]} {[%emt 00:00:51]} Qh4 {[%clk 01:15:35]} {[%emt
00:07:26]} 16. Qf3 {[%clk 01:27:33]} {[%emt 00:04:09]} f6 {[%clk 01:13:37]}
{[%emt 00:02:45]} 17. Ng6 {[%clk 01:27:48]} {[%emt 00:00:15]} Qxd4 {[%clk
01:10:59]} {[%emt 00:03:09]} 18. Nxf8 {[%clk 01:27:25]} {[%emt 00:00:54]} Kxf8
{[%clk 01:10:57]} {[%emt 00:00:32]} 19. Rd1 {[%clk 01:26:35]} {[%emt 00:01:17]}
Qe5 {[%clk 01:05:47]} {[%emt 00:05:41]} 20. Ng3 {[%clk 01:25:11]} {[%emt
00:01:55]} h5 {[%clk 01:03:17]} {[%emt 00:03:01]} 21. Qe4 {[%clk 01:24:39]}
{[%emt 00:00:52]} Qxe4 {[%clk 00:50:25]} {[%emt 00:13:31]} 22. Nxe4 {[%clk
01:24:39]} {[%emt 00:00:30]} Be5 {[%clk 00:50:41]} {[%emt 00:00:15]} 23. c4
{[%clk 01:23:31]} {[%emt 00:01:35]} f5 {[%clk 00:47:10]} {[%emt 00:04:03]} 24.
cxd5 {[%clk 01:23:44]} {[%emt 00:00:18]} fxe4 {[%clk 00:47:24]} {[%emt
00:00:15]} 25. dxc6 {[%clk 01:24:04]} {[%emt 00:00:10]} Bf5 {[%clk 00:46:20]}
{[%emt 00:01:34]} 26. Rd5 {[%clk 01:24:02]} {[%emt 00:00:29]} e3 {[%clk
00:41:28]} {[%emt 00:05:26]} 27. Bxe3 {[%clk 01:24:24]} {[%emt 00:00:08]} Bxb2
{[%clk 00:41:29]} {[%emt 00:00:29]} 28. Rxf5+ {[%clk 01:24:48]} {[%emt
00:00:05]} Bf6 {[%clk 00:41:14]} {[%emt 00:00:45]} 29. Bd4 {[%clk 01:25:05]}
{[%emt 00:00:14]} Ke7 {[%clk 00:41:23]} {[%emt 00:00:21]} 30. Bxf6+ {[%clk
01:25:21]} {[%emt 00:00:13]} gxf6 {[%clk 00:41:35]} {[%emt 00:00:18]} 31. Rxh5
{[%clk 01:25:47]} {[%emt 00:00:05]} Rd8 {[%clk 00:39:52]} {[%emt 00:02:13]} 32.
Rh7+ {[%clk 01:26:06]} {[%emt 00:00:11]} Ke6 {[%clk 00:38:53]} {[%emt
00:01:28]} 33. Re1+ {[%clk 01:26:31]} {[%emt 00:00:05]} Kf5 {[%clk 00:38:51]}
{[%emt 00:00:32]} 34. Rxc7 {[%clk 01:26:56]} {[%emt 00:00:06]} a5 {[%clk
00:38:05]} {[%emt 00:01:15]} 35. Rd7 {[%clk 01:27:19]} {[%emt 00:00:07]} Rc8
{[%clk 00:37:55]} {[%emt 00:00:40]} 36. g4+ {[%clk 01:27:45]} {[%emt 00:00:05]}
Kg5 {[%clk 00:37:44]} {[%emt 00:00:41]} 37. c7 {[%clk 01:28:10]} {[%emt
00:00:05]} a4 {[%clk 00:37:46]} {[%emt 00:00:28]} 38. Rb1 {[%clk 01:28:36]}
{[%emt 00:00:04]} Re8 {[%clk 00:37:37]} {[%emt 00:00:39]} 39. Rb8 {[%clk
01:28:53]} {[%emt 00:00:12]} Re1+ {[%clk 00:37:55]} {[%emt 00:00:12]} 40. Kg2
{[%clk 01:29:20]} {[%emt 00:00:04]} Rc1 {[%clk 00:36:42]} {[%emt 00:01:43]} 41.
c8=Q {[%clk 01:29:43]} {[%emt 00:00:07]} Rxc8 {[%clk 00:36:56]} {[%emt
00:00:16]} 42. Rxc8 {[%clk 01:30:08]} {[%emt 00:00:05]} a3 {[%clk 00:36:57]}
{[%emt 00:00:29]} 43. Rg7+ {[%clk 01:30:20]} {[%emt 00:00:18]} Kh6 {[%clk
00:36:47]} {[%emt 00:00:40]} 44. Rcg8 {[%clk 01:30:23]} {[%emt 00:00:26]} f5
{[%clk 00:36:35]} {[%emt 00:00:43]} 45. g5+ {[%clk 01:30:43]} {[%emt 00:00:10]}
Kh5 {[%clk 00:36:42]} {[%emt 00:00:23]} 46. Rh8# {[%clk 01:31:02]} {[%emt
00:00:10]} 1-0